=LDR 00000nam 2200000 4500 =001 INLIS000000000037644 =005 20130612143351 =008 ***********************************Ind** =035 ##$$0010-061300000037644 =041 ##$$a Ind =082 ##$$a 641.821 =090 ##$$a 641.821, Erw y =100 ##$$a Erwin, Lilly T =245 ##$$a Yumury dan tasty cusserole, Lilly T Erwin ; editor, Intarina Hardiman =260 ##$$a 2004 $b Jakarta =300 ##$$a 44 hlm, ilus, 15 cm =650 ##$$a Casseroie =850 ##$$a NBPNMAT